| 000 | 00628nam a2200181Ia 4500 | ||
|---|---|---|---|
| 003 | GCL | ||
| 008 | 140319s9999 xx 000 0 ara d | ||
| 040 |
_aGCL / _cGCL |
||
| 082 | 0 | 4 |
_a811.04 _bم م |
| 100 | 1 | _aمحمد بن احمد العقلى | |
| 245 | 1 | 0 |
_aمن ادب جنوب الجزيرة بحوث ودراسات (الجزء الأول) / _cمحمد بن احمد العقلى |
| 260 |
_a[S.N] : _bدار البلاد ، _c1984 |
||
| 300 | _a273 ص | ||
| 490 |
_aكتاب النادى الادبى الثقافى _v0 |
||
| 650 | 0 | 4 | _aالشعر العربى |
| 650 | 0 | 4 | _aالشعر العباسى |
| 942 |
_2ddc _cBK |
||
| 999 |
_c37768 _d37768 |
||